[Event "8. Magistral Comunic"]
[Site "Sao Paulo BRA"]
[Date "2004.10.18"]
[Round "6.1"]
[White "Fernandez, Daniel"]
[Black "De Souza, Mauro Guimaraes"]
[Result "1-0"]
[WhiteElo "2391"]
[BlackElo "2373"]
[PlyCount "85"]
[EventDate "2004.10.14"]
[Source "lmi"]
[SourceDate "2004.10.22"]

1. e4 e5 2. Nf3 Nc6 3. Bc4 Bc5 4. b4 Bb6 5. b5 Nd4 6. Nxd4 exd4 7. O-O d6 8.
Qh5 Qe7 9. e5 Nh6 10. exd6 cxd6 11. d3 Bg4 12. Qg5 Qxg5 13. Bxg5 Be6 14. Bxh6
gxh6 15. Nd2 Kd7 16. f4 Bxc4 17. Nxc4 f6 18. a4 d5 19. Nd2 Rac8 20. a5 Bc5 21.
Nb3 Rhe8 22. Rfe1 Bd6 23. Rxe8 Rxe8 24. g3 Re2 25. Ra2 Bb4 26. Ra4 Bc3 27. Nxd4
Bxd4+ 28. Rxd4 Rxc2 29. Rxd5+ Ke6 30. Rh5 Ra2 31. b6 axb6 32. axb6 Rb2 33. Rxh6
Rxb6 34. Rxh7 Rb2 35. h4 Kf5 36. Rg7 b5 37. h5 Ra2 38. h6 Ra8 39. h7 Rh8 40.
Kf2 b4 41. Ke3 b3 42. g4+ Ke6 43. Kd2 1-0

[Event "8. Magistral Comunic"]
[Site "Sao Paulo BRA"]
[Date "2004.10.18"]
[Round "6.2"]
[White "Matsuura, Everaldo"]
[Black "Crosa, Martin"]
[Result "1/2-1/2"]
[WhiteElo "2474"]
[BlackElo "2400"]
[PlyCount "40"]
[EventDate "2004.10.14"]
[Source "lmi"]
[SourceDate "2004.10.22"]

1. d4 Nf6 2. c4 e6 3. Nf3 b6 4. a3 Bb7 5. Nc3 d5 6. cxd5 Nxd5 7. e3 Be7 8. Bb5+
c6 9. Bd3 c5 10. O-O O-O 11. Qc2 Nf6 12. dxc5 bxc5 13. e4 Nfd7 14. Rd1 Nc6 15.
e5 g6 16. Bf4 Nd4 17. Nxd4 cxd4 18. Ne4 Qa5 19. b4 Qd5 20. Qa2 Nxe5 1/2-1/2

[Event "8. Magistral Comunic"]
[Site "Sao Paulo BRA"]
[Date "2004.10.18"]
[Round "6.3"]
[White "Rodi, Luis Ernesto"]
[Black "D'Israel, Davy Maurice"]
[Result "1-0"]
[WhiteElo "2297"]
[BlackElo "2267"]
[PlyCount "143"]
[EventDate "2004.10.14"]
[Source "lmi"]
[SourceDate "2004.10.22"]

1. e4 c5 2. Nc3 Nc6 3. Bb5 g6 4. Bxc6 bxc6 5. f4 Bg7 6. Nge2 Nf6 7. O-O O-O 8.
d3 d6 9. Qe1 Ne8 10. f5 Rb8 11. Qh4 Bf6 12. Qh3 Kh8 13. g4 Rg8 14. Kh1 gxf5 15.
gxf5 Be5 16. b3 Nf6 17. Bf4 Bxf4 18. Rxf4 Qa5 19. Rh4 Bd7 20. e5 dxe5 21. Ne4
Rg7 22. Nxf6 exf6 23. Ng3 c4 24. Rxc4 Qd5+ 25. Re4 Rg5 26. Qh6 Qd6 27. Rf1 c5
28. Rh4 Rg7 29. Kg2 Rb4 30. c4 Qxd3 31. Qxf6 Rb6 32. Qxe5 Bc6+ 33. Kf2 f6 34.
Qe2 Qxe2+ 35. Kxe2 Ra6 36. Ra1 Re7+ 37. Kd2 Bf3 38. Rf4 Rd6+ 39. Kc2 Re3 40.
Rf1 Rdd3 41. Rf2 Kg7 42. Nf1 Bd1+ 43. Kb2 Re1 44. Nd2 Rde3 45. Ka3 Bh5 46. Nf1
Re5 47. Rg2+ Kf8 48. Rd2 Ke7 49. Ng3 Bf7 50. Rh4 h5 51. Rf2 R5e3 52. Nxh5 Bxh5
53. Rxh5 Kd6 54. Rd2+ Ke5 55. Rd5+ Kf4 56. Rxc5 R3e2 57. Ra5 Ra1 58. Kb4 Raxa2
59. Rxa2 Rxa2 60. c5 Ke5 61. Rh3 Kxf5 62. c6 Ke6 63. Rd3 Rxh2 64. Kb5 Rc2 65.
b4 f5 66. Rd7 f4 67. Rxa7 f3 68. Kb6 f2 69. Ra1 Rc4 70. b5 Rf4 71. c7 Kd7 72.
Rd1+ 1-0

[Event "8. Magistral Comunic"]
[Site "Sao Paulo BRA"]
[Date "2004.10.18"]
[Round "6.4"]
[White "Santos, Marcus Vinicius"]
[Black "Sega, Carlos Alberto"]
[Result "1/2-1/2"]
[WhiteElo "2334"]
[BlackElo "2327"]
[PlyCount "108"]
[EventDate "2004.10.14"]
[Source "lmi"]
[SourceDate "2004.10.22"]

1. d4 Nf6 2. c4 e6 3. Nc3 Bb4 4. e3 c5 5. a3 Bxc3+ 6. bxc3 O-O 7. Bd3 Nc6 8.
Ne2 b6 9. e4 Ne8 10. O-O Ba6 11. f4 f5 12. dxc5 bxc5 13. Be3 Qa5 14. exf5 exf5
15. Ng3 g6 16. Re1 Nf6 17. h3 Rad8 18. Qf3 d5 19. Bf2 Qxc3 20. Rac1 Qa5 21.
cxd5 Nd4 22. Bxd4 cxd4 23. Bxa6 Qxa6 24. Rc6 Qb5 25. Ree6 Qxd5 26. Rxf6 Rxf6
27. Qxd5+ Rxd5 28. Rxf6 d3 29. Nf1 d2 30. Nxd2 Rxd2 31. Ra6 Rd7 32. Kf2 Kf7 33.
g4 fxg4 34. hxg4 h5 35. gxh5 gxh5 36. Kg3 Rd4 37. Rxa7+ Kf6 38. Ra6+ Kf5 39.
Ra5+ Kf6 40. Ra8 Kf5 41. Ra5+ Kg6 42. a4 Rc4 43. Rg5+ Kf6 44. a5 Rc3+ 45. Kf2
h4 46. Rh5 Ra3 47. Kg2 Kg6 48. Rb5 h3+ 49. Kh2 Rf3 50. Rg5+ Kf6 51. Rg3 Rxf4
52. Rxh3 Ra4 53. Rh6+ Ke5 54. Kg3 Kd5 1/2-1/2

[Event "8. Magistral Comunic"]
[Site "Sao Paulo BRA"]
[Date "2004.10.18"]
[Round "6.5"]
[White "Tsuboi, Edson Kenji"]
[Black "Haro de Souza, Paulo Cezar"]
[Result "1/2-1/2"]
[WhiteElo "2387"]
[BlackElo "2263"]
[PlyCount "38"]
[EventDate "2004.10.14"]
[Source "lmi"]
[SourceDate "2004.10.22"]

1. e4 Nc6 2. Nf3 d6 3. d4 Nf6 4. Nc3 Bg4 5. Be2 e6 6. d5 exd5 7. exd5 Bxf3 8.
Bxf3 Ne5 9. Be2 Be7 10. Be3 O-O 11. f4 Ned7 12. O-O Re8 13. Bf3 Bf8 14. Re1 g6
15. Qd3 Bg7 16. Rad1 a6 17. a4 b6 18. Qc4 Nc5 19. Bf2 Qd7 1/2-1/2

[Event "8. Magistral Comunic"]
[Site "Sao Paulo BRA"]
[Date "2004.10.19"]
[Round "7.1"]
[White "Haro de Souza, Paulo Cezar"]
[Black "Fernandez, Daniel"]
[Result "0-1"]
[WhiteElo "2263"]
[BlackElo "2391"]
[PlyCount "62"]
[EventDate "2004.10.14"]
[Source "lmi"]
[SourceDate "2004.10.22"]

1. d4 d5 2. Nf3 c6 3. Nbd2 Nf6 4. c4 Bf5 5. g3 e6 6. Bg2 Bd6 7. O-O O-O 8. b3
a5 9. Re1 b5 10. a3 a4 11. c5 axb3 12. Nxb3 Bc7 13. Nh4 Bg4 14. Qd3 e5 15. dxe5
Bxe5 16. Rb1 Ra4 17. f4 Bc7 18. h3 Bc8 19. Bb2 Ne4 20. Qe3 Re8 21. Bxe4 Raxe4
22. Qc3 d4 23. Nxd4 Re3 24. Nxc6 Rxc3 25. Nxd8 Rxg3+ 26. Kf2 Rxh3 27. Nxf7 Kxf7
28. Nf3 Bxf4 29. e3 Bg3+ 30. Kg2 Bxe1 31. Ng5+ Kg6 0-1

[Event "8. Magistral Comunic"]
[Site "Sao Paulo BRA"]
[Date "2004.10.19"]
[Round "7.2"]
[White "Sega, Carlos Alberto"]
[Black "Tsuboi, Edson Kenji"]
[Result "1/2-1/2"]
[WhiteElo "2327"]
[BlackElo "2387"]
[PlyCount "177"]
[EventDate "2004.10.14"]
[Source "lmi"]
[SourceDate "2004.10.22"]

1. d4 Nf6 2. Nf3 e6 3. g3 b5 4. Bg2 Bb7 5. O-O c5 6. Bg5 Na6 7. c4 bxc4 8. Nbd2
Be7 9. Nxc4 O-O 10. Rc1 cxd4 11. Nxd4 Bxg2 12. Kxg2 h6 13. Bd2 Qb8 14. Kg1 Rc8
15. a3 Qb7 16. Bf4 Qd5 17. b3 g5 18. Be3 Ng4 19. f3 Nxe3 20. Nxe3 Qb7 21. b4
Rxc1 22. Qxc1 Rc8 23. Qd2 Bf6 24. Kg2 Bg7 25. h4 gxh4 26. Rh1 hxg3 27. Ng4 Qd5
28. Nxh6+ Kf8 29. Qf4 f5 30. Nhxf5 exf5 31. Nxf5 Qe5 32. Qxe5 Bxe5 33. f4 Bg7
34. Rh7 Bb2 35. Rxd7 Rc2 36. Rxa7 Nc7 37. Kxg3 Rc3+ 38. Kg4 Bxa3 39. Rb7 Ne6
40. e3 Rb3 41. b5 Nc5 42. Ra7 Bc1 43. Rc7 Ba3 44. Kh5 Rb1 45. Ra7 Rh1+ 46. Kg4
Bb2 47. b6 Ra1 48. b7 Nd7 49. Ra8+ Kf7 50. b8=Q Nxb8 51. Rxb8 Bf6 52. Rb7+ Kf8
53. Nd6 Rg1+ 54. Kf5 Be7 55. Nc4 Rh1 56. Ne5 Ba3 57. Nd7+ Ke7 58. Nf6+ Kd6 59.
e4 Rf1 60. e5+ Kc6 61. Ra7 Bb2 62. Ra6+ Kb5 63. Rd6 Bc1 64. Rd4 Kc5 65. Re4 Kc6
66. Rc4+ Kb5 67. Rxc1 Rxc1 68. e6 Re1 69. Ne4 Kc6 70. Ke5 Kc7 71. f5 Kd8 72. f6
Ke8 73. Kf5 Rf1+ 74. Kg6 Rg1+ 75. Ng5 Rg2 76. Kh6 Rg1 77. Kg6 Rg2 78. Kf5 Rf2+
79. Ke5 Re2+ 80. Kf4 Re1 81. Ne4 Rf1+ 82. Ke5 Re1 83. Kd4 Rd1+ 84. Kc4 Rc1+ 85.
Kd4 Rd1+ 86. Ke3 Re1+ 87. Kd3 Rd1+ 88. Kc4 Rc1+ 89. Kd4 1/2-1/2

[Event "8. Magistral Comunic"]
[Site "Sao Paulo BRA"]
[Date "2004.10.19"]
[Round "7.3"]
[White "D'Israel, Davy Maurice"]
[Black "Santos, Marcus Vinicius"]
[Result "0-1"]
[WhiteElo "2267"]
[BlackElo "2334"]
[PlyCount "62"]
[EventDate "2004.10.14"]
[Source "lmi"]
[SourceDate "2004.10.22"]

1. c4 e5 2. Nc3 Nf6 3. g3 c6 4. d4 exd4 5. Qxd4 d5 6. cxd5 Be7 7. Nf3 cxd5 8.
Bg2 Nc6 9. Qa4 O-O 10. O-O Be6 11. Rd1 a6 12. Nd4 Qb6 13. Nb3 Ng4 14. Qf4 Nb4
15. Nd4 Bd6 16. Na4 Qc7 17. Nxe6 Qc2 18. Qd4 fxe6 19. Rd2 Qg6 20. Nb6 Rad8 21.
f3 Ne5 22. Qc3 Rf7 23. Rd1 Rc7 24. Qb3 Nc2 25. Bf4 Nxa1 26. Rxa1 Qc2 27. Bh3
Qxb3 28. Bxe6+ Kf8 29. axb3 Bc5+ 30. Kg2 Bxb6 31. Bxe5 Re7 0-1

[Event "8. Magistral Comunic"]
[Site "Sao Paulo BRA"]
[Date "2004.10.19"]
[Round "7.4"]
[White "Crosa, Martin"]
[Black "Rodi, Luis Ernesto"]
[Result "1-0"]
[WhiteElo "2400"]
[BlackElo "2297"]
[PlyCount "105"]
[EventDate "2004.10.14"]
[Source "lmi"]
[SourceDate "2004.10.22"]

1. e4 e5 2. Nf3 Nf6 3. Nxe5 d6 4. Nf3 Nxe4 5. Qe2 Qe7 6. d3 Nf6 7. Bg5 Qxe2+ 8.
Bxe2 Be7 9. Nc3 c6 10. O-O-O Na6 11. Rhe1 Nc7 12. Bf1 Ne6 13. Bh4 Bd7 14. Ne4
Nxe4 15. dxe4 Rd8 16. Bg3 Bc8 17. Nd2 d5 18. exd5 Rxd5 19. Ne4 Rxd1+ 20. Rxd1
O-O 21. Bd6 Bxd6 22. Nxd6 b5 23. g3 a6 24. Bg2 c5 25. Nxc8 Rxc8 26. Bb7 Rb8 27.
Bxa6 g6 28. Rd7 Rb6 29. Bc8 Nd4 30. c3 Nf3 31. h4 b4 32. Rd5 bxc3 33. bxc3 c4
34. Bg4 Rf6 35. a4 h5 36. Bxf3 Rxf3 37. Kb2 Rxf2+ 38. Ka3 Rf3 39. Kb4 Rxg3 40.
a5 Re3 41. a6 Re8 42. Kxc4 Rc8+ 43. Rc5 Ra8 44. Kb5 f5 45. Kb6 f4 46. Kb7 f3
47. Ra5 f2 48. Ra1 Re8 49. a7 Re1 50. a8=Q+ Kg7 51. Ra7 f1=Q 52. Kc6+ Kf6 53.
Qf8+ 1-0

[Event "8. Magistral Comunic"]
[Site "Sao Paulo BRA"]
[Date "2004.10.19"]
[Round "7.5"]
[White "De Souza, Mauro Guimaraes"]
[Black "Matsuura, Everaldo"]
[Result "1/2-1/2"]
[WhiteElo "2373"]
[BlackElo "2474"]
[PlyCount "25"]
[EventDate "2004.10.14"]
[Source "lmi"]
[SourceDate "2004.10.22"]

1. d4 d5 2. c4 dxc4 3. e3 Nf6 4. Bxc4 e6 5. Nf3 c5 6. O-O a6 7. dxc5 Qxd1 8.
Rxd1 Bxc5 9. a3 b5 10. Be2 Ke7 11. b4 Bd6 12. Bb2 Bb7 13. Nbd2 1/2-1/2

[Event "8. Magistral Comunic"]
[Site "Sao Paulo BRA"]
[Date "2004.10.20"]
[Round "8.1"]
[White "Fernandez, Daniel"]
[Black "Matsuura, Everaldo"]
[Result "1/2-1/2"]
[WhiteElo "2391"]
[BlackElo "2474"]
[PlyCount "29"]
[EventDate "2004.10.14"]
[Source "lmi"]
[SourceDate "2004.10.22"]

1. e4 e5 2. Nf3 Nc6 3. Bb5 a6 4. Ba4 Nf6 5. O-O Be7 6. Re1 b5 7. Bb3 d6 8. c3
O-O 9. h3 Na5 10. Bc2 c5 11. d4 Qc7 12. Nbd2 cxd4 13. cxd4 Rd8 14. Nf1 exd4 15.
Nxd4 1/2-1/2

[Event "8. Magistral Comunic"]
[Site "Sao Paulo BRA"]
[Date "2004.10.20"]
[Round "8.2"]
[White "Rodi, Luis Ernesto"]
[Black "De Souza, Mauro Guimaraes"]
[Result "0-1"]
[WhiteElo "2297"]
[BlackElo "2373"]
[PlyCount "92"]
[EventDate "2004.10.14"]
[Source "lmi"]
[SourceDate "2004.10.22"]

1. e4 c6 2. d4 d5 3. e5 Bf5 4. Nc3 e6 5. g4 Bg6 6. Nge2 c5 7. h4 h6 8. Be3 Nc6
9. f4 cxd4 10. Nxd4 Nxd4 11. Qxd4 Ne7 12. O-O-O Nc6 13. Qa4 a6 14. f5 Bh7 15.
Bg2 Qa5 16. Qb3 Bc5 17. Bxc5 Qxc5 18. fxe6 fxe6 19. Rhf1 O-O-O 20. Rf7 Na5 21.
Qa4 Nc4 22. Bf1 Nb6 23. Qb3 Rd7 24. Na4 Nxa4 25. Rxd7 Kxd7 26. Qxa4+ b5 27. Qb3
Rf8 28. Kb1 Rf4 29. Bd3 Bxd3 30. Qxd3 Rxg4 31. b3 Rg1 32. Rxg1 Qxg1+ 33. Kb2
Qg4 34. Qc3 d4 35. Qe1 Qf4 36. Ka3 Qe3 37. Qh1 Qxe5 38. Qb7+ Qc7 39. Qxa6 Qd6+
40. Qxd6+ Kxd6 41. Kb4 g5 42. hxg5 hxg5 43. a4 bxa4 44. bxa4 g4 45. a5 Kc6 46.
Kc4 g3 0-1

[Event "8. Magistral Comunic"]
[Site "Sao Paulo BRA"]
[Date "2004.10.20"]
[Round "8.3"]
[White "Santos, Marcus Vinicius"]
[Black "Crosa, Martin"]
[Result "1-0"]
[WhiteElo "2334"]
[BlackElo "2400"]
[PlyCount "63"]
[EventDate "2004.10.14"]
[Source "lmi"]
[SourceDate "2004.10.22"]

1. d4 Nf6 2. c4 e6 3. Nc3 Bb4 4. e3 O-O 5. a3 Bxc3+ 6. bxc3 c5 7. Bd3 Nc6 8.
Ne2 d5 9. cxd5 exd5 10. O-O Re8 11. f3 b6 12. Ng3 Bb7 13. Ra2 a5 14. Re2 Ba6
15. Bxa6 Rxa6 16. Bb2 b5 17. e4 cxd4 18. cxd4 Ne7 19. e5 Nd7 20. f4 g6 21. Qd3
Qb6 22. f5 Nf8 23. Ref2 Nxf5 24. Nxf5 gxf5 25. Rxf5 Re7 26. Qg3+ Ng6 27. h4 h5
28. Rxh5 Qd8 29. Rg5 Kh7 30. h5 Qg8 31. hxg6+ Rxg6 32. Qh4+ 1-0

[Event "8. Magistral Comunic"]
[Site "Sao Paulo BRA"]
[Date "2004.10.20"]
[Round "8.4"]
[White "Tsuboi, Edson Kenji"]
[Black "D'Israel, Davy Maurice"]
[Result "1/2-1/2"]
[WhiteElo "2387"]
[BlackElo "2267"]
[PlyCount "85"]
[EventDate "2004.10.14"]
[Source "lmi"]
[SourceDate "2004.10.22"]

1. e4 c5 2. Nf3 Nc6 3. Bb5 e6 4. Bxc6 bxc6 5. b3 f6 6. O-O Nh6 7. d4 cxd4 8.
Bxh6 gxh6 9. Nxd4 Qe7 10. Re1 Qf7 11. c4 Be7 12. Re3 a6 13. Nc3 c5 14. Nde2 Bb7
15. Rd3 Bc6 16. Ng3 O-O 17. Qd2 Kg7 18. Re1 Rg8 19. Nd5 Bd8 20. Qf4 Kh8 21. Ne3
h5 22. Qh6 f5 23. exf5 h4 24. fxe6 dxe6 25. Rxd8 Raxd8 26. Qxh4 Rd2 27. f3 Qg7
28. Ng4 Qd4+ 29. Kh1 Rd1 30. Nf1 Rf8 31. Rxd1 Qxd1 32. Nge3 Qd8 33. Qh5 Qd4 34.
Qg5 Rf7 35. Qg3 Qf4 36. Qh3 Bd7 37. Qh5 Bc6 38. Qxc5 Bxf3 39. gxf3 Qxf3+ 40.
Kg1 Qf2+ 41. Kh1 Qf3+ 42. Kg1 Qf2+ 43. Kh1 1/2-1/2

[Event "8. Magistral Comunic"]
[Site "Sao Paulo BRA"]
[Date "2004.10.20"]
[Round "8.5"]
[White "Haro de Souza, Paulo Cezar"]
[Black "Sega, Carlos Alberto"]
[Result "1/2-1/2"]
[WhiteElo "2263"]
[BlackElo "2327"]
[PlyCount "115"]
[EventDate "2004.10.14"]
[Source "lmi"]
[SourceDate "2004.10.22"]

1. d4 Nf6 2. Nc3 d5 3. Bg5 Nbd7 4. Qd3 e6 5. e4 dxe4 6. Nxe4 Be7 7. Nxf6+ Nxf6
8. Nf3 O-O 9. g3 c5 10. Bg2 Qa5+ 11. Bd2 Qb6 12. O-O Rd8 13. dxc5 Bxc5 14. Qb3
Bd7 15. Qxb6 Bxb6 16. Bg5 Bc6 17. Bxf6 gxf6 18. Rfd1 Kf8 19. Ne1 Bxg2 20. Kxg2
Ke7 21. Kf3 f5 22. Ke2 h5 23. Nd3 h4 24. c4 Rd4 25. b3 Rad8 26. Rac1 e5 27. c5
Ba5 28. Rc4 Rxc4 29. bxc4 hxg3 30. hxg3 e4 31. Nf4 Rxd1 32. Kxd1 Kf6 33. Ke2
Ke5 34. Nd5 Kd4 35. c6 bxc6 36. Ne7 Kxc4 37. Nxc6 Bb6 38. Ne5+ Kd4 39. Nxf7 Bc7
40. Ng5 Kc3 41. Ne6 Be5 42. Ke3 a5 43. g4 fxg4 44. Kxe4 Bb8 45. Nc5 Ba7 46. Nd3
a4 47. Ne5 Bxf2 48. Nxg4 Bc5 49. Ne5 Bd4 50. Nd3 Bg7 51. Ke3 a3 52. Ke4 Bh6 53.
Ne5 Bg7 54. Nd3 Bf8 55. Ke3 Bd6 56. Ke2 Kc2 57. Ne1+ Kb2 58. Kd3 1/2-1/2

[Event "8. Magistral Comunic"]
[Site "Sao Paulo BRA"]
[Date "2004.10.21"]
[Round "9.1"]
[White "Sega, Carlos Alberto"]
[Black "Fernandez, Daniel"]
[Result "0-1"]
[WhiteElo "2327"]
[BlackElo "2391"]
[PlyCount "64"]
[EventDate "2004.10.14"]
[Source "lmi"]
[SourceDate "2004.10.22"]

1. d4 d5 2. Nf3 c6 3. g3 Nf6 4. Bg2 Bf5 5. O-O e6 6. Nbd2 Bd6 7. Ne5 Bxe5 8.
dxe5 Ng4 9. e4 dxe4 10. Bxe4 Nxf2 11. Kxf2 Qd4+ 12. Kf3 Bh3 13. Nb3 Qxe5 14.
Bf4 Qxb2 15. Qd6 Nd7 16. Rfd1 e5 17. Bc1 Qc3+ 18. Rd3 Qc4 19. Bg5 f6 20. Be3
O-O-O 21. Na5 Qxc2 22. Rd2 Bg4+ 23. Kxg4 Qxe4+ 24. Kh3 Qf5+ 25. Kg2 Nb6 26. Qb4
Rxd2+ 27. Bxd2 Qd7 28. Rc1 Rd8 29. Rc2 Qd5+ 30. Kh3 Qd3 31. Qc5 Qf1+ 32. Kh4
Rd4+ 0-1

[Event "8. Magistral Comunic"]
[Site "Sao Paulo BRA"]
[Date "2004.10.21"]
[Round "9.2"]
[White "D'Israel, Davy Maurice"]
[Black "Haro de Souza, Paulo Cezar"]
[Result "0-1"]
[WhiteElo "2267"]
[BlackElo "2263"]
[PlyCount "96"]
[EventDate "2004.10.14"]
[Source "lmi"]
[SourceDate "2004.10.22"]

1. d4 Nc6 2. Nf3 d5 3. c4 Bg4 4. cxd5 Bxf3 5. gxf3 Qxd5 6. e3 e6 7. Nc3 Bb4 8.
Bd2 Qh5 9. Be2 Nge7 10. a3 Bxc3 11. bxc3 O-O 12. Rb1 Rab8 13. Rb5 Qg6 14. Kf1
e5 15. Rg1 Qe6 16. Qc2 a6 17. Rb1 Rfe8 18. Bd3 exd4 19. cxd4 Qh3+ 20. Rg2 Ng6
21. Bxg6 hxg6 22. Qd1 Ne7 23. e4 Nc6 24. Bc3 Rbd8 25. d5 Ne5 26. Bxe5 Rxe5 27.
Kg1 c6 28. Rxb7 cxd5 29. Qb3 Rc8 30. Qb2 Qxf3 31. Rg3 Qxe4 32. Rb8 Rxb8 33.
Qxb8+ Re8 34. Qb7 Qc4 35. Kg2 d4 36. Qd7 Re5 37. Qd8+ Kh7 38. Qh4+ Rh5 39. Qf4
Qd5+ 40. Kg1 Re5 41. Qd2 g5 42. Rd3 Re4 43. f3 Rf4 44. Kf2 g6 45. h3 Qe5 46.
Kg2 Rh4 47. Kg1 Rxh3 48. Rxd4 Qg3+ 0-1

[Event "8. Magistral Comunic"]
[Site "Sao Paulo BRA"]
[Date "2004.10.21"]
[Round "9.4"]
[White "De Souza, Mauro Guimaraes"]
[Black "Santos, Marcus Vinicius"]
[Result "1/2-1/2"]
[WhiteElo "2373"]
[BlackElo "2334"]
[PlyCount "87"]
[EventDate "2004.10.14"]
[Source "lmi"]
[SourceDate "2004.10.22"]

1. d4 d5 2. c4 c6 3. cxd5 cxd5 4. Nc3 Nf6 5. Nf3 Nc6 6. Bf4 a6 7. e3 Bg4 8. Be2
e6 9. O-O Bd6 10. Bg3 Bxg3 11. hxg3 O-O 12. Rc1 Rc8 13. Nd2 Bxe2 14. Qxe2 e5
15. dxe5 Nxe5 16. Nf3 Neg4 17. Rfd1 Qa5 18. Qd2 Rfd8 19. Nd4 Qb6 20. Qe2 Qd6
21. Qf3 Ne5 22. Qf5 Rc7 23. Nf3 Re7 24. Ne4 Nxe4 25. Qxe4 Nc6 26. Qf4 Qe6 27.
Nd4 Nxd4 28. Qxd4 g6 29. Qc3 Rd6 30. Rd4 Rc6 31. Qd2 Rec7 32. Rxc6 bxc6 33. b4
Rb7 34. a3 Rb5 35. Qc3 c5 36. bxc5 Qc6 37. e4 Rxc5 38. Qd2 dxe4 39. Rd8+ Kg7
40. Qd4+ Kh6 41. Qd2+ Kg7 42. Qd4+ Kh6 43. Qd2+ Kg7 44. Qd4+ 1/2-1/2

[Event "8. Magistral Comunic"]
[Site "Sao Paulo BRA"]
[Date "2004.10.21"]
[Round "9.5"]
[White "Matsuura, Everaldo"]
[Black "Rodi, Luis Ernesto"]
[Result "1/2-1/2"]
[WhiteElo "2474"]
[BlackElo "2297"]
[PlyCount "105"]
[EventDate "2004.10.14"]
[Source "lmi"]
[SourceDate "2004.10.22"]

1. e4 e6 2. d4 d5 3. Nc3 Bb4 4. e5 c5 5. a3 Ba5 6. b4 cxd4 7. Nb5 Bc7 8. f4 Bd7
9. Nf3 Bxb5 10. Bxb5+ Nc6 11. Nxd4 Nge7 12. O-O Bb6 13. Be3 Kf8 14. c3 Bxd4 15.
cxd4 a5 16. bxa5 Qxa5 17. a4 Nf5 18. Bf2 h5 19. Rc1 g6 20. Qd3 Kg7 21. g3 Na7
22. h3 Nxb5 23. axb5 Rhc8 24. Kg2 Qb4 25. Rxc8 Rxc8 26. Rb1 Qa5 27. Rb3 Rc4 28.
g4 hxg4 29. hxg4 Nh6 30. Qe2 Qa4 31. Rh3 Rc2 32. Qf3 Qxd4 33. Rh4 Qd2 34. Qg3
Qe2 35. Qf3 Qxb5 36. f5 exf5 37. Qf4 Nxg4 38. Rxg4 Rxf2+ 39. Qxf2 fxg4 40. Qf6+
Kf8 41. Qd6+ Kg8 42. Qd8+ Kh7 43. Qh4+ Kg7 44. Qf6+ Kf8 45. Qd6+ Kg7 46. Qf6+
Kg8 47. Qd8+ Kh7 48. Qh4+ Kg7 49. Qf6+ Kf8 50. Qd6+ Kg7 51. Qf6+ Kf8 52. Qd6+
Kg7 53. Qf6+ 1/2-1/2